000 00322nam a22001457a 4500
008 210303b ||||| |||| 00| 0 eng d
020 _a2900321748576
041 _aeng
080 _210th
_a510
082 _a510
100 _a36
101 _aMAT
245 _aCalculus with Applications
_cLial, M. L
942 _2udc
_cBK
999 _c55600
_d55600